Στρατηγικό μάνατζμεντ : μια ολοκληρωμένη προσέγγιση: θεωρία και μελέτες περίπτωσης
Αποθηκεύτηκε σε:
| Κύριοι συγγραφείς: | , , |
|---|---|
| Άλλοι συγγραφείς: | , , , |
| Μορφή: | Βιβλίο |
| Γλώσσα: | Greek English |
| Δημοσίευση: |
[Αθήνα] :
Πασχαλίδης ,
c2018.
|
| Έκδοση: | 12 έκδ. |
| Θέματα: | |
| Ετικέτες: |
Προσθήκη ετικέτας
Δεν υπάρχουν, Καταχωρήστε ετικέτα πρώτοι!
|
MARC
| LEADER | 00000cam a2200000 a 4500 | ||
|---|---|---|---|
| 001 | 1/119214 | ||
| 008 | 190618t2018####gr | ||| |||| ||gre|| | ||
| 020 | |a 9781305502277 |q (χαρτόδετο) | ||
| 020 | |a 9789925563524 |q (set) | ||
| 040 | |a GR-MyUa |b gre |c GR-MyUa |e AACR2 | ||
| 041 | 1 | |a gre |h eng | |
| 082 | 7 | |a 658.4012 |2 (23) | |
| 100 | 1 | |a Hill, Charles W. L. |e aut | |
| 245 | 1 | 0 | |a Στρατηγικό μάνατζμεντ : |b μια ολοκληρωμένη προσέγγιση: θεωρία και μελέτες περίπτωσης / |c Hill Charles W. L., Schilling Melissa A., Gareth R Jones ; επιμέλεια έκδοσης Φώτης Χ. Κίτσιος, Γιάννης Α. Πολλάλης ; μετάφραση Ελένη Ανεξή, Ιωάννα Ε. Κατσέλη. |
| 250 | |a 12 έκδ. | ||
| 260 | |a [Αθήνα] : |b Πασχαλίδης , |c c2018. | ||
| 300 | |a 869 σ. : |b διαγρ. ,εικ., πίν. ; |c 28 εκ. | ||
| 500 | |a Μετάφραση του : Strategic management, a integrated approach, theory and cases. | ||
| 504 | |a Περιλαμβάνει λεξικό ειδικών όρων και ευρετήριο. | ||
| 650 | 0 | |a Strategic planning |x Management. | |
| 650 | 0 | |a Industrial management. | |
| 700 | 1 | |a Schilling, Melissa A. |e aut | |
| 700 | 1 | |a Jones, Gareth R. |e aut | |
| 700 | 1 | |a Ανεξή, Ελένη, |e trlf | |
| 700 | 1 | |a Κατσέλη, Ιωάννα, |e trlf | |
| 700 | 1 | |a Κίτσιος, Φώτης Χ, |e edt | |
| 700 | 1 | |a Πολλάλης, Γιαννης, Α. |e edt | |
| 852 | |a INST |b CHIOS |c EUDOXUS |e 20190618 |h 658.4012 HIL |p 005200039338 |q 005200039338 |t BK |y 4 |x 20191029 | ||
| 920 | |a Εύδοξος |b Παραγγελία |y Χίος |z 2019-05 | ||
| 970 | |a Παροικάκη |b Βασιλική |z 18-06-2019 | ||